Bilecik Bilecik Bilecik Bilecik Bilecik

Teknoloji transferi sözleşmelerine ilişkin rekabet hukuku uygulaması/ (Record no. 38183)

MARC details
000 -BAŞLIK
Sabit Uzunluktaki Kontrol Alanı 01232nam a22003617a 4500
001 - KONTROL NUMARASI
Control Dosyası 0038344
003 - KONTROL NUMARASI KİMLİĞİ
Kontrol Alanı KOHA_MİRAKIL
005 - EN SON İŞLEM TARİHİ ve ZAMANI
Kontrol Alanı 20260207003058.0
007 - FİZİKSEL TANIM SABİT ALAN - GENEL BİLGİ
Sabit uzunluklu kontrol alanı ta
008 - SABİT UZUNLUKTAKİ VERİ ÖGELERİ - GENEL BİLGİ
Sabit Alan 190311b2007 tu |||gr||||#||||0|tur |
020 ## - ISBN - ULUSLARARASI STANDART KİTAP NUMARASI
Isbn 9789758936373
040 ## - KATALOGLAMA KAYNAĞI
Özgün Kataloglama Kurumu TR-BiSEU
Kataloglama Dili tur
Çeviri Kurumu TR-BiSEU
Açıklama Kuralları rda
041 0# - DİL KODU
Metin ya da ses kaydının dil kodu tur
044 ## - YAYINLAYAN/ÜRETEN KURULUŞUN ÜLKE KODU
ISO country code tu
050 ## - SINIFLAMA ve YER NUMARASI
Sınıflama Numarası KKX3220
Yer Numarası .G69 2007
100 1# - KİŞİ ADI
Yazar Adı (Kişi adı) Gözlükaya, Fatma.
245 1# - ESER ADI BİLDİRİMİ
Başlık Teknoloji transferi sözleşmelerine ilişkin rekabet hukuku uygulaması/
Sorumluluk Bildirimi Fatma Gözlükaya ; Fatma Gözlükaya.
264 #1 - ÜRERİM, YAYIN, DAĞITIM ve TELİF BİLDİRİMİ
Yayın yeri Ankara :
Yayınlayan Rekabet Kurulu
Yayın tarihi 2007
300 ## - FİZİKSEL TANIMLAMA
Sayfa, Cilt vb. 79 sayfa; 23 cm.
336 ## - İÇERİK TÜRÜ
Content type term metin
Content type code txt
Source rdacontent
337 ## - MEDYA TÜRÜ
Media type term aracısız
Media type code n
Source rdamedia
338 ## - TAŞIYICI TÜRÜ
Carrier type term cilt
Carrier type code nc
Source rdacarrier
490 1# - DİZİ BİLDİRİMİ
Dizi Bildirimi Rekabet Kurulu ;
Cilt Numarası yayın no: 0191.
490 1# - DİZİ BİLDİRİMİ
Dizi Bildirimi Uzmanlık tezleri serisi ;
Cilt Numarası no: 73.
500 ## - GENEL NOT
Genel Not Kaynakça var.
650 #0 - KONU BAŞLIĞI EK GİRİŞ - KONU TERİMİ
Konusal terim veya coğrafi ad Technology transfer--Law and legislation--Turkey.
9 (RLIN) 71661
650 #0 - KONU BAŞLIĞI EK GİRİŞ - KONU TERİMİ
Konusal terim veya coğrafi ad Competition law--Turkey.
9 (RLIN) 70301
650 #0 - KONU BAŞLIĞI EK GİRİŞ - KONU TERİMİ
Konusal terim veya coğrafi ad Teknoloji transferi--Hukuk ve yasama--Türkiye.
9 (RLIN) 71662
650 #0 - KONU BAŞLIĞI EK GİRİŞ - KONU TERİMİ
Konusal terim veya coğrafi ad Rekabet hukuku--Türkiye.
9 (RLIN) 17627
830 1# - SERİ EK GİRİŞİ - TEKBİÇİM ESER ADI
Tekbiçim Başlık Rekabet Kurulu ;
Volume number/sequential designation yayın no: 0191.
9 (RLIN) 71550
830 1# - SERİ EK GİRİŞİ - TEKBİÇİM ESER ADI
Tekbiçim Başlık Uzmanlık tezleri serisi ;
Volume number/sequential designation no: 73.
9 (RLIN) 6193
942 ## - EK GİRİŞ ÖGELERİ (KOHA)
Source of classification or shelving scheme Library of Congress Classification
Koha item type Book
Holdings
Materyal Türü Kalıcı Konum Mevcut Konum Raf Yeri Sınıflandırma Kaynağı Edinim Bilgisi Ana Konular Alt Konular Yer Numarası Demirbaş Numarası Fatura Tarihi Geri Çekilme Durumu Kayıp Durumu Hasarlı Durumu Kredi için değil Kayıt Tarih Toplam Ödünçverme Son Görülme Tarihi Son Kontrol Tarihi Genel / Bağış Notu
Book BŞEÜ Bozüyük MYO Kütüphanesi BŞEÜ Bozüyük MYO Kütüphanesi   Library of Congress Classification Bağış HUKUK Türkiye Hukuku KKX3220 .G69 2007 0064511 02/02/2026         11/03/2019   04/03/2025 04/03/2025 Genel Bağış
Book Prof. Dr. Azmi Özcan Kütüphanesi Prof. Dr. Azmi Özcan Kütüphanesi Uluğbey Salonu Library of Congress Classification Bağış HUKUK Türkiye Hukuku KKX3220 .G69 2007 0038344 02/02/2026         03/09/2012   05/12/2024 05/12/2024 Genel Bağış